| 000 | 00392cam a2200169ua 4500 | ||
|---|---|---|---|
| 020 | _cRs. 4.00 | ||
| 041 |
_amal _h |
||
| 082 |
_a894.812308 _bGOR/AM |
||
| 100 | _aGorkey, Maxim . | ||
| 245 | _aAmma | ||
| 260 |
_aKottayam : _bSahitya Pravarthaka Co-operative Society , _c1979. |
||
| 300 | _a430 ; . | ||
| 365 | _aRs. 4.00 | ||
| 504 | _a | ||
| 942 | _cBK | ||
| 999 |
_c4479 _d4479 |
||